A Declaration of the faith and order owned and practiced in the Congregational churches in England /

Bibliographic Details
Other Authors: Owen, John, 1616-1683, Nye, Philip, 1596?-1672
Format: eBook
Language:English
Published: London : Printed by John Field, and are to be sold by John Allen ..., 1659.
Series:Early English books online.
Subjects:
Online Access:Connect to the full text of this electronic book

MARC

Tag First Indicator Second Indicator Subfields
LEADER 00000nam a2200000Ia 4500
001 in00004300613
005 20200810082928.0
006 m g d
007 cr bn |||a|bb|
008 860523s1659 enk o 00| | eng d
035 |a (OCoLC)13640486 
040 |a EAA  |c EAA  |d m/c  |d EAA  |d WaOLN 
037 |a CL0037000024  |b ProQuest Information and Learning. 300 N. Zeeb Rd., Ann Arbor, MI 48106 
043 |a e-uk-en 
045 0 |b d16581012 
049 |a UMIA 
245 1 2 |a A Declaration of the faith and order owned and practiced in the Congregational churches in England /  |c agreed upon and consented unto by their elders and messengers in their meeting at the Savoy, October 12, 1658. 
260 |a London :  |b Printed by John Field, and are to be sold by John Allen ...,  |c 1659. 
300 |a 1 online resource ([30], 64 pages) 
336 |a text  |b txt  |2 rdacontent 
337 |a computer  |b c  |2 rdamedia 
338 |a online resource  |b cr  |2 rdacarrier 
500 |a Prepared by Philip Nye and John Owen. Cf. DNB. 
500 |a Advertisements on pages [30] and pages 53. 
500 |a Reproduction of original in Huntington Library. 
510 4 |a Wing  |c N1487 
533 |a Electronic reproduction.  |b Ann Arbor, Mich. :  |c UMI,  |d 1999-  |f (Early English books online)  |n Digital version of: (Early English books, 1641-1700 ; 797:26)  |7 s1999 miun s 
650 0 |a Congregational churches  |v Creeds. 
650 0 |a Congregational churches  |x Doctrines. 
650 0 |a Congregational churches  |z England  |x History. 
700 1 |a Owen, John,  |d 1616-1683. 
700 1 |a Nye, Philip,  |d 1596?-1672. 
830 0 |a Early English books online. 
856 4 0 |u http://proxy.library.tamu.edu/login?url=https://search.proquest.com/docview/2240893711  |z Connect to the full text of this electronic book  |t 0 
999 f f |s 897d92b4-c181-361b-8303-b821abd8cd5d  |i 57d9a9bd-5448-3492-b239-e245a597df4f  |t 0 
952 f f |a Texas A&M University  |b College Station  |c Electronic Resources  |d Available Online  |t 0  |h No information provided 
998 f f |t 0  |l Available Online